000 00335nam a2200133Ia 4500
008 231129s1997||||xx |||||||||||||| ||spa||
040 _bspa
082 _a367.9861322 M722h
100 _aMolina Corrales Alonso
245 0 _aLa historia pasa por el Rialto
260 _c1997
264 _aCorporacion Club Rialto
942 _2ddc
_cBKS
999 _c17331
_d17331